|
|
|
|
| LEADER |
01032cas a2200217 a 4500 |
| 001 |
AALejournalOSO000211 |
| 008 |
230101c9999 xx r poo 0 0eng d |
| 022 |
|
|
|a 1353-4505
|
| 022 |
|
|
|a 1464-3677
|
| 040 |
|
|
|a BD-DhAAL
|c BD-DhAAL
|
| 245 |
0 |
0 |
|h [electronic resource]
|a International Journal for Quality in Health Care
|
| 260 |
|
|
|b International Society for Quality in Health Care and Oxford University Press
|
| 300 |
|
|
|a 1 online resource
|
| 362 |
0 |
|
|a Vol. 8, no. 3
|
| 500 |
|
|
|a <strong>Off-Campus Access:</strong> Athens ID and Password Required
|
| 500 |
|
|
|a <strong>On-Campus Access:</strong> No User ID or Password Required
|
| 506 |
|
|
|a Electronic access restricted to authorized BRAC University faculty, staff and students
|
| 538 |
|
|
|a Mode of access: Internet
|
| 650 |
|
4 |
|a Public Health and Epidemiology
|
| 856 |
4 |
0 |
|z Full text available on Oxford Academic
|u https://academic.oup.com/intqhc/issue
|
| 856 |
4 |
0 |
|z Off-campus access
|u https://go.openathens.net/redirector/bracu.ac.bd?url=https%3A%2F%2Facademic.oup.com%2Fintqhc%2Fissue
|